| 000 | 00701nam a2200205 i 4500 | ||
|---|---|---|---|
| 001 | 55463 | ||
| 003 | ES-MaACL | ||
| 005 | 20251012183630.0 | ||
| 007 | t| | ||
| 008 | 030919s1978 sp ||||1| spa d | ||
| 100 | 1 |
_aDérozier, Albert. _9152216 |
|
| 245 | 1 | 0 |
_aManuel José Quintana y el nacimiento del liberalismo en España / _cpor Albert Derozier ; traducción, Manuel Moya. |
| 260 |
_aMadrid : _bTurner, _c[1978] |
||
| 300 |
_a817 p. ; _c25 cm. |
||
| 600 | 1 | 7 |
_aQuintana, Manuel José, _d1772-1857- _xCrítica e interpretación _2 _9149032 |
| 650 | 0 | 4 |
_aLiberalismo- _zEspaña- _yS.XIX. _914390 |
| 700 | 1 |
_aMoya, Manuel. _983959 |
|
| 852 |
_aES-MaACL _jA-8994 _bR.98056 |
||
| 999 |
_c55463 _d55463 |
||